| 000 | 00377nam a2200169Ia 4500 | ||
|---|---|---|---|
| 008 | 180424s9999 xx 000 0 und d | ||
| 084 | _aT13 P46 | ||
| 100 | _a"Patchi, " | ||
| 245 | 0 | _aKallaankaadu | |
| 250 | _a\\201000TAMGPCX | ||
| 260 | _aN C B H | ||
| 260 | _b2010 | ||
| 260 | _cChennai | ||
| 300 | _a266p. | ||
| 500 | _aincludes index and biblioraphy | ||
| 942 | _cBK | ||
| 999 |
_c91282 _d91282 |
||